Gain that extra flooring while you can (Record no. 80758)

MARC details
000 -LEADER
fixed length control field 01275cab a22002295a 4500
001 - CONTROL NUMBER
control field L145276
008 - FIXED-LENGTH DATA ELEMENTS--GENERAL INFORMATION
fixed length control field 080923e20080920xxk f g 000 0 eng d
035 ## - SYSTEM CONTROL NUMBER
System control number (Sirsi) u145276
041 0# - LANGUAGE CODE
Language code of text/sound track or separate title eng
100 1# - MAIN ENTRY--PERSONAL NAME
Personal name Sneeden, Katherine
245 00 - TITLE STATEMENT
Title Gain that extra flooring while you can
260 ## - PUBLICATION, DISTRIBUTION, ETC.
Date of publication, distribution, etc. 2008
490 ## - SERIES STATEMENT
Series statement Estates Gazette
Volume/sequential designation (0837) 20 September 2008, 143(1)
520 ## - SUMMARY, ETC.
Summary, etc. Article states that adding a mezzanine floor can be a simple and effective way to increase retail floorspace and looks at legislative changes that will bring their creation within the control of the standard planning framework in Scotland, Wales and Northern Ireland. Suggests that developers looking to add value for money in the affected areas may do well to start adding a mezzanine now, while transitional arrangements are in place and planning permission may not be required.
590 ## - LOCAL NOTE (RLIN)
Local note KA
650 24 - SUBJECT ADDED ENTRY--TOPICAL TERM
Topical term or geographic name entry element TOWN AND COUNTRY PLANNING (INCREASE IN GROSS FLOOR SPACE) DEVELOPMENT ORDER
650 24 - SUBJECT ADDED ENTRY--TOPICAL TERM
Topical term or geographic name entry element DRAFT PLANNING REFORM (NORTHERN IRELAND) ORDER 2006
650 24 - SUBJECT ADDED ENTRY--TOPICAL TERM
Topical term or geographic name entry element PLANNING POLICY STATEMENT 5 (RETAILING AND TOWN CENTRES)
651 #4 - SUBJECT ADDED ENTRY--GEOGRAPHIC NAME
Geographic name United Kingdom
Chronological subdivision
690 ## - LOCAL SUBJECT ADDED ENTRY--TOPICAL TERM (OCLC, RLIN)
Topical term or geographic name as entry element ENVIRONMENTAL AND LAND CONSULTANCY-PLANNING AND DEVELOPMENT-DEVELOPMENT CONTROL-PLANNING APPLICATIONS
942 ## - ADDED ENTRY ELEMENTS (KOHA)
Suppress in OPAC 0
Holdings
Withdrawn status Lost status Source of classification or shelving scheme Damaged status Not for loan Home library Current library Shelving location Date acquired Total Checkouts Full call number Barcode Date last seen Copy number Price effective from Koha item type
    Dewey Decimal Classification     London London Journal article 23/09/2008   L145276 145276-1001 06/08/2019 1 06/08/2019 Journal article